Germany : Selected Issues and Statistical Appendix.

This Selected Issues paper and Statistical Appendix analyzes the link between Germany's economic performance and institutions, taking a long-term perspective and focusing on the labor market. The thesis of the paper is that Germany's institutional arrangements worked exceptionally well dur...

Celý popis

Podrobná bibliografie
Korporativní autor: International Monetary Fund
Médium: Časopis
Jazyk:English
Vydáno: Washington, D.C. : International Monetary Fund, 1999.
Edice:IMF Staff Country Reports; Country Report ; No. 1999/130
On-line přístup:Full text available on IMF
LEADER 01577cas a2200241 a 4500
001 AALejournalIMF001040
008 230101c9999 xx r poo 0 0eng d
020 |c 5.00 USD 
020 |z 9781451810417 
022 |a 1934-7685 
040 |a BD-DhAAL  |c BD-DhAAL 
110 2 |a International Monetary Fund. 
245 1 0 |a Germany :   |b Selected Issues and Statistical Appendix. 
264 1 |a Washington, D.C. :  |b International Monetary Fund,  |c 1999. 
300 |a 1 online resource (172 pages) 
490 1 |a IMF Staff Country Reports 
500 |a <strong>Off-Campus Access:</strong> No User ID or Password Required 
500 |a <strong>On-Campus Access:</strong> No User ID or Password Required 
506 |a Electronic access restricted to authorized BRAC University faculty, staff and students 
520 3 |a This Selected Issues paper and Statistical Appendix analyzes the link between Germany's economic performance and institutions, taking a long-term perspective and focusing on the labor market. The thesis of the paper is that Germany's institutional arrangements worked exceptionally well during the Wirtschaftswunder era of rapid catch-up growth, resulting in an economic performance that was envied by much of the world. The paper also examines fiscal consolidation and tax reform proposals, and describes the wage structure in Germany. 
538 |a Mode of access: Internet 
830 0 |a IMF Staff Country Reports; Country Report ;  |v No. 1999/130 
856 4 0 |z Full text available on IMF  |u http://elibrary.imf.org/view/journals/002/1999/130/002.1999.issue-130-en.xml  |z IMF e-Library